Colofón de colofones / (Record no. 15920)

MARC details
000 -LEADER
campo de control de longitud fija 00522nam a2200193 i 4500
001 - NÚMERO DE CONTROL
campo de control 15920
003 - IDENTIFICADOR DE NÚMERO DE CONTROL
campo de control ES-MaACL
005 - FECHA Y HORA DE LA ÚLTIMA TRANSACCIÓN
campo de control 20230906151208.0
007 - CAMPO FIJO DE DESCRIPCIÓN FÍSICA--INFORMACIÓN GENERAL
campo de control de longitud fija t|
008 - DATOS DE LONGITUD FIJA--INFORMACIÓN GENERAL
campo de control de longitud fija 000519s1999 sp ||||1| spa d
080 ## - NÚMERO DE LA CLASIFICACIÓN DECIMAL UNIVERSAL
Número de la Clasificación Decimal Universal 655.41
100 1# - ENTRADA PRINCIPAL--NOMBRE DE PERSONA
Nombre de persona Gómez Alonso, Gloria.
9 (RLIN) 57812
245 10 - MENCIÓN DEL TÍTULO
Título Colofón de colofones /
Mención de responsabilidad, etc. [Gloria Gómez Alonso].
260 ## - PUBLICACIÓN, DISTRIBUCIÓN, ETC.
Lugar de publicación, distribución, etc. Madrid :
Nombre del editor, distribuidor, etc. Hiperión,
Fecha de publicación, distribución, etc. 1999.
300 ## - DESCRIPCIÓN FÍSICA
Extensión 10 p., [54] h. ;
Dimensiones 20 cm.
500 ## - NOTA GENERAL
Nota general Autora (p. 9)
650 #4 - PUNTO DE ACCESO ADICIONAL DE MATERIA--TÉRMINO DE MATERIA
Término de materia o nombre geográfico como elemento de entrada Edición.
9 (RLIN) 12050
852 ## - LOCALIZACIÓN
Ubicación ES-MaACL
Número de control de estantería L-22894
Sublocalización o colección R.128148
Holdings
Estatus retirado Estado de pérdida Estado de daño No para préstamo Biblioteca de origen Biblioteca actual Ubicación en estantería Fecha de adquisición Fuente de adquisición Total de préstamos Signatura topográfica completa Código de barras Visto por última vez Precio de reemplazo Tipo de ítem Koha
        Biblioteca del Ateneo de Madrid Biblioteca del Ateneo de Madrid Depósito 2 17/01/2008     L-22894 1016181 23/02/2023 23/02/2023 Libro impreso